| 000 | 00954cab a2200265 4500 | ||
|---|---|---|---|
| 001 | ABS60006 | ||
| 008 | 090401t1999 xxu||||| |||| 00| 0 eng d | ||
| 035 | _a(Sirsi) u90610 | ||
| 041 | _aeng | ||
| 100 | _aBrewer, G. | ||
| 245 | _aTransferring workers | ||
| 260 | _c1999 | ||
| 350 | _a0 | ||
| 490 |
_aContract Journal _v396(6207) 6 January 1999, 20(1) |
||
| 520 | _aDiscussion on the EC Acquired Rights Directive and the TUPE regulations 1981, following the recent appeal decision in the House of Lords "Wilson and others v St Helens MBC" which has had a substantial impact on the construction industry. | ||
| 650 | _aCONSTRUCTION INDUSTRY | ||
| 650 | _aDISMISSAL FOR REDUNDANCY | ||
| 650 | _aEC ACQUIRED RIGHTS DIRECTIVE | ||
| 650 | _aTRANSFER OF UNDERTAKINGS (PROTECTION OF EMPLOYMENT) REGULATIONS 1981 | ||
| 650 | _aTRANSFERS | ||
| 650 | _aWILSON AND OTHERS V ST HELENS MBC | ||
| 690 | _aLAW | ||
| 942 | _n0 | ||
| 948 | _c08/01/1999 | ||
| 999 |
_c57461 _d57461 |
||